000 00677nam0a22002651 4500
001 RU\NLR\INFOCOMM15\ROSSICA\1000010265
005 20250613190930.0
035 _a(NLR Aleph) 009922168
090 _a10672912
_c10672912
100 _a20030901d1903 |||y0rusy50 ca
101 0 _ager
102 _aRU
105 _ay ||||000ay
200 1 _aDie Halophänomene in Russland
_fE.Leyst
210 _aМосква
_d1903
215 _d
700 1 _aLeyst
_bE.
_gErnst
_4070
801 1 _aRU
_bInfoComm
_c20030901
801 0 _aRU
_bNLR
_gPSBO
852 _aNLR
_j21.1.6.62
852 _aNLR
_bВЭО
_j141.6/10
942 _cBOOK
980 _aNB
980 _aRossica